|
|
|
|
| LEADER |
00000nam0a2200000 4500 |
| 001 |
20787 |
| 005 |
20231030192234.0 |
| 010 |
|
|
|a 5010039184
|
| 035 |
|
|
|a (RuTPU)RU\TPU\book\20977
|
| 035 |
|
|
|a BOOK00005666
|
| 090 |
|
|
|a 20787
|
| 100 |
|
|
|a 20011209d1992 km y0rusy50 ca
|
| 101 |
1 |
|
|a rus
|c ger
|
| 102 |
|
|
|a RU
|
| 105 |
|
|
|a y z 000zy
|
| 200 |
1 |
|
|a Торговец и попугай: Восточные истории и психотерапия
|e пер. с нем.
|f Н. Пезешкян
|g Под ред. А. В. Брушлинского и А. З. Шапиро
|
| 210 |
|
|
|a Москва
|c Прогресс
|d 1992
|c Культура
|
| 215 |
|
|
|a 240 с.
|
| 610 |
1 |
|
|a психология
|
| 610 |
1 |
|
|a общение
|
| 610 |
1 |
|
|a психотерапия
|
| 686 |
|
|
|a Ю954
|v LBC/SL-A
|2 rubbk
|
| 700 |
|
1 |
|a Пезешкян
|b Н.
|g Носсрат
|
| 702 |
|
1 |
|a Брушлинский
|b А. В.
|g Андрей Владимирович
|4 340
|
| 702 |
|
1 |
|a Шапиро
|b А. З.
|4 340
|
| 801 |
|
0 |
|a RU
|b 63413507
|c 20011209
|g PSBO
|
| 801 |
|
2 |
|a RU
|b 63413507
|c 20170428
|g PSBO
|
| 942 |
|
|
|c BK
|